[Event "Niedersachsen-Mecklenburg-Vorpommern 1"]
[Site "Templin"]
[Date "2017.09.27"]
[Round "3.2"]
[White "Clemens, Christian, Dr."]
[Black "Dettmann, Gerd"]
[Result "1/2-1/2"]
[BlackElo "2155"]
[BlackTeam "Mecklenburg-Vorpommern 1"]
[Board "2"]
[WhiteElo "2232"]
[WhiteTeam "Niedersachsen"]

1. g3 Nf6 2. Bg2 d5 3. Nf3 e6 4. d4 c5 5. c4 Nc6 6. O-O  dxc4 7. Qa4 Qa5 8.
Qxc4 Qb4 9. Qxb4 cxb4 10. Nbd2 Be7 11. b3 O-O  12. Bb2 Rd8 13. Rac1 a5 14.
Nc4 Ra6 15. Rfd1 a4 16. Nfe5 axb3 17. axb3 Bd7 18. Nxd7 Rxd7 19. e4 h6 20. d5
Na5 21. Ne5 Rd8 22. Rd3 exd5 23. exd5 Bd6 24. f4 Raa8 25. Bd4 Rdc8 26. Ra1 b6
27. Bxb6 Nb7 28. Rad1 Nc5 29. Bxc5 Bxc5+ 30. Kh1 Bd6 31. h3 Rc3 32. Nc4 Ne8 33.
Rxc3 bxc3 34. Rc1 Bb4 35. Be4 Nf6 36. Bf3 Ra2 37. Ne3 Rf2 38. Nc2 Rxf3 39. Kg2
Rd3 40. Nxb4 Rd4 41. Nc2 Rd2+ 42. Kf3 Nxd5 43. Ne3 c2 44. Nxc2 f5 45. Ne1 Kf7
46. Rc2 Rd1 47. Ke2 Rb1 48. Rc5 Ke6 49. Nc2 Kd6 50. Rc8 Rxb3 51. Nd4 Rb2+ 52.
Kf3 Ne7 53. Rd8+ Kc7 54. Ne6+ Kc6 55. Nxg7 Rb3+ 56. Kf2 Rb2+ 57. Ke3 Nd5+ 58.
Kd4 Nxf4 59. Ke5 Nxh3 60. Rd6+ Kc5 61. Rxh6  Nf2 62. Kxf5 Rb3 63. Ne6+ Kc4
64. Rg6 Rb5+ 65. Kf4 Nd3+ 66. Ke3 Re5+ 67. Kf3 Ne1+ 68. Kg4 Ng2 69. Nf4 Ne3+
70. Kh3 Nf5 71. Rg5 Kd4 72. Ng6 Rd5 73. Nh4 Nxg3 74. Nf3+ Kc4 75. Rxg3 Rh5+ 76.
Kg4 Rh8 77. Ng5 Rf8 78. Rg1 Kc3 79. Rd1 Kc2 80. Rd7 Kc3 81. Ne6 Rf1 82. Nf4 Rh1
83. Ne2+ Kc4 84. Kf3 Kc5 85. Ke4 Kc6 86. Rd2 Kc5 87. Rd5+ Kc6 88. Nd4+ Kc7 89.
Nf5 Re1+ 90. Ne3 Rh1 91. Rd3 Rh4+ 92. Ke5 Rh5+ 93. Nf5 Kc6 94. Rd1 Rg5 95. Rc1+
Kd7 96. Rc2 Rh5 97. Ra2 Kc6 98. Ke6 Kc5 99. Rc2+ Kb4 100. Rc8 Rg5 101. Nd6 Rh5
102. Ne4 Kb3 103. Nd6 Kb4 104. Nf5 Kb3 105. Ke5 Kb4 106. Ke4 Kb5 107. Nd6+ Kb6
108. Kd4 Rg5 109. Rc1 Rh5 110. Nf7 Rb5 111. Ne5 Kb7 112. Nc4 Kb8 113. Nd6 Rh5
114. Rc8+ Ka7 115. Rc7+ Kb6 116. Rc1 Rg5 117. Nc4+ Kb5 118. Rb1+ Kc6 119. Ne5+
Kc7 120. Kd5 Rh5 121. Rb2 Rg5 122. Rc2+ Kb6 123. Kd6 Kb5 124. Rb2+  1/2-1/2

[Event "Niedersachsen-Mecklenburg-Vorpommern 1"]
[Site "Templin"]
[Date "2017.09.27"]
[Round "3.3"]
[White "Valet, Richard"]
[Black "Grimm, Uwe"]
[Result "1-0"]
[BlackElo "2090"]
[BlackTeam "Niedersachsen"]
[Board "3"]
[WhiteElo "2023"]
[WhiteTeam "Mecklenburg-Vorpommern 1"]

1. e4 Nc6 2. Nf3 d6 3. d4 Bg4 4. Be3 Nf6 5. Nbd2 e5 6. c3 Be7 7. Bd3 O-O  8.
Rc1 Qc8 9. d5 Nb8 10. h3 Bh5 11. Nf1 Bg6 12. Ng3 a5 13. c4 b6 14. Nd2 Nbd7 
15. O-O  Qd8 16. b3 h6 17. a3 Nh7 18. Nf5 Bxf5 19. exf5 Nc5 20. Bb1 Bg5 21.
b4 Bxe3 22. fxe3 axb4 23. axb4 Nd7 24. Qb3 Qe7 25. Kh2 Ra7 26. Ne4 Nhf6 27.
Nxf6+ Qxf6 28. Rf2 Rfa8 29. Qd1 Ra1 30. Qe1 R1a3 31. g4 Qg5 32. Rf3 Qf6 33. h4
e4 34. Rf4 Qe5 35. g5 hxg5 36. hxg5 Ra2+ 37. Kh1 Kf8 38. Qh4 Qb2 39. Rg1 Ne5
40. Bxa2 Rxa2 41. Rxe4 Ke7 42. f6+  1-0

[Event "Niedersachsen-Mecklenburg-Vorpommern 1"]
[Site "Templin"]
[Date "2017.09.27"]
[Round "3.4"]
[White "Cichy, Michael, Dr."]
[Black "Kliewe, Hans-Jürgen"]
[Result "1/2-1/2"]
[BlackElo "2037"]
[BlackTeam "Mecklenburg-Vorpommern 1"]
[Board "4"]
[WhiteElo "2043"]
[WhiteTeam "Niedersachsen"]

1. d4 d5 2. Nf3 Nf6 3. c4 c6 4. Qc2 g6 5. e3 Bf5 6. Bd3 Bxd3 7. Qxd3 e6 8. Nc3
Nbd7 9. O-O  Be7 10. e4 dxe4 11. Nxe4 Nxe4 12. Qxe4 O-O  13. Bh6 Re8
14. Rad1 Qa5 15. Qc2 Qh5 16. Bc1 Nf6 17. h3 Qa5 18. Bd2 Qa6 19. b3 b5 20. Bf4
Nh5 21. Be5 Rac8 22. Qe2 Ng7 23. cxb5 Qxb5 24. Qc4 Red8 25. Rc1 f6 26. Bh2 Ba3 
1/2-1/2

[Event "Bayern 2-Rheinland-Pfalz 1"]
[Site "Templin"]
[Date "2017.09.27"]
[Round "3.1"]
[White "Giesen, Dieter"]
[Black "Urytskyy, Arkadiy"]
[Result "1/2-1/2"]
[BlackElo "2176"]
[BlackTeam "Bayern 2"]
[Board "1"]
[WhiteElo "2215"]
[WhiteTeam "Rheinland-Pfalz 1"]

1. e4 c5 2. c3 d5 3. exd5 Qxd5 4. d4 e6 5. Nf3 Nc6 6. Be2 cxd4 7. cxd4 Bb4+ 8.
Nc3 Nf6 9. O-O  Bxc3  10. bxc3 O-O  11. Bd3 h6 12. Bf4 b6 13. Qe2
Bb7 14. Rfe1 Rac8 15. Rab1 Rfd8 16. Rb5 Qd7 17. Rb2 Nd5 18. Bd2 Qd6 19. Qe4 Nf6
20. Qh4 Qe7 21. Bxh6 gxh6 22. Qxh6 Rd5 23. Ng5 Rxg5 24. Qxg5+ Kf8 25. Bb5 Ng8
26. Qd2 Rd8 27. Qe3 Qf6 28. Qg3 Qe7 29. Rd2 Qd6 30. Qh4 Nce7 31. f3 Nf5 32. Qg5
Qe7 33. Qf4 Qd6 34. Qg5 Qe7 35. Qf4 Qd6 36. Qg5  1/2-1/2

[Event "Bayern 2-Rheinland-Pfalz 1"]
[Site "Templin"]
[Date "2017.09.27"]
[Round "3.2"]
[White "Däubler, Heinrich"]
[Black "Kargoll, Peter"]
[Result "1/2-1/2"]
[BlackElo "2163"]
[BlackTeam "Rheinland-Pfalz 1"]
[Board "2"]
[WhiteElo "2165"]
[WhiteTeam "Bayern 2"]

1. Nf3 d5 2. d4 Nf6 3. c4 c6 4. g3 dxc4 5. Bg2 b5 6. a4 Bb7 7. O-O  e6 8.
Nc3 a6 9. Ne5 Nd5 10. e4 Nxc3 11. bxc3 Be7 12. Rb1 Qc7 13. Qg4 O-O  14. Bh6
Bf6 15. Bf4 Qe7 16. Nxc4 h5 17. Qxh5 g6 18. Qc5 Qxc5 19. dxc5 Bxc3 20. Rfd1 b4
21. a5 f6 22. Nb6 Ra7 23. Na4 e5 24. Be3 Ba8 25. Nxc3 bxc3 26. Rdc1 Rb7 27.
Rxb7 Bxb7 28. Rxc3 Bc8 29. Bf1 Rd8 30. Rc1 Kf7 31. Kg2 Ke7 32. h4 Nd7 33. Be2
Nf8 34. Rb1 Ne6 35. Rb6 Nd4 36. Bxa6 Bg4 37. Bxd4 Rxd4 38. Bb7 Rd3 39. Rb1 Bf3+
40. Kg1 Ra3 41. Bxc6 Rxa5 42. Rc1 Kd8 43. Bd5 Kc7 44. Kh2 f5 45. Kh3 Rb5 46.
Rc3 fxe4 47. g4 Rb8 48. Rxf3 exf3 49. Kg3 Rb5 50. Bf7 g5 51. h5 Rxc5 52. h6 Rc6
53. h7 Rh6 54. Bg6 Kd6 55. Kxf3 Kd5  1/2-1/2

[Event "Bayern 2-Rheinland-Pfalz 1"]
[Site "Templin"]
[Date "2017.09.27"]
[Round "3.3"]
[White "Fecht, Hans-Peter"]
[Black "Hanisch, Friedrich"]
[Result "1-0"]
[BlackElo "2081"]
[BlackTeam "Bayern 2"]
[Board "3"]
[WhiteElo "2090"]
[WhiteTeam "Rheinland-Pfalz 1"]

1. Nf3 d5 2. c4 c6 3. g3 Nf6 4. Bg2 Bf5 5. b3 e6 6. O-O  Be7 7. Bb2 O-O 
8. d3 h6 9. Nbd2 Nbd7 10. Ne5 Nxe5 11. Bxe5 Nd7 12. Bb2 a5 13. a3 Bf6 14. Qc2
Rc8 15. Bxf6 Nxf6 16. b4 b5 17. cxb5 cxb5 18. Qb2 a4 19. Rac1 Qb6 20. Nf3 Nd7
21. Rxc8 Rxc8 22. Rc1 Rxc1+ 23. Qxc1 Qb7 24. Nd4 Bg6 25. Qc6 Qxc6 26. Nxc6 Kf8
27. Na7 Nb6 28. Nxb5 Ke7 29. Kf1 f6 30. Ke1 Be8 31. Nd4 Bd7 32. Kd2 e5 33. Nc2
Kd6 34. e3 f5 35. f4 e4 36. Bf1 g6 37. Nd4 Bc8 38. dxe4 dxe4 39. Bb5 Bd7 40.
Ba6 Be8 41. Ne2 Bf7 42. Kc3 Kd5 43. Bb5 Be6 44. Be8 Nc4 45. Bxa4 Nxe3 46. Bb3+
Kd6 47. Bxe6 Kxe6 48. a4 Kd5 49. a5 Nc4 50. Kb3 Nd6 51. Nc3+ Kc6 52. Ka4 e3 53.
Kb3 Ne4 54. Kc2 e2 55. Nxe2 Kb5 56. Nc3+  1-0

[Event "Nordrhein-Westfalen 2-Württemberg 2"]
[Site "Templin"]
[Date "2017.09.27"]
[Round "3.1"]
[White "Gabriel, Josef"]
[Black "Zimmermann, Rolf"]
[Result "0-1"]
[BlackElo "2165"]
[BlackTeam "Nordrhein-Westfalen 2"]
[Board "1"]
[WhiteElo "2091"]
[WhiteTeam "Württemberg 2"]

1. e4 c5 2. Nf3 Nc6 3. d3 d6 4. g3 g6 5. Bg2 Bg7 6. O-O   Nf6 7. c3 O-O
 8. Na3 Rb8 9. Nc2 c4 10. Bg5 cxd3 11. Qxd3 h6 12. Bf4 e5 13. Bc1 d5 14.
Nd2 dxe4 15. Qxd8 Rxd8 16. Nxe4 Nxe4 17. Bxe4 f5 18. Bg2 Be6 19. Be3 Rd7 20.
Rfe1 e4 21. h4 h5 22. Bf4 Be5 23. Bxe5 Nxe5 24. Nd4 Bf7 25. Red1 Rbd8 26. Rd2
Kg7 27. Kf1 Kf6 28. Ke1 Rd6 29. Kd1 g5 30. hxg5+ Kxg5 31. Kc2 Nc6 32. Rad1
Nxd4+ 33. Rxd4 Rxd4 34. Rxd4 Rxd4 35. cxd4 Bd5 36. b3 f4 37. Bh3 e3 38. gxf4+
Kxf4 39. fxe3+ Kxe3 40. Kc3 a5 41. a3 h4 42. b4 axb4+ 43. Kxb4 Kxd4 44. a4 Bc6
45. a5 Kd5 46. Bf1 Kd6 47. Bh3 Bd7 48. a6 bxa6 49. Bf1 Bb5 50. Bh3 Ke5 51. Bc8
Kf4 52. Kc5 Kg3 53. Kd4 a5 54. Ke3 a4 55. Kd4 a3 56. Kc3 Be2  0-1

[Event "Nordrhein-Westfalen 2-Württemberg 2"]
[Site "Templin"]
[Date "2017.09.27"]
[Round "3.2"]
[White "Bogorad, Michail"]
[Black "Wolf, Walter"]
[Result "0-1"]
[BlackElo "2110"]
[BlackTeam "Württemberg 2"]
[Board "2"]
[WhiteElo "2109"]
[WhiteTeam "Nordrhein-Westfalen 2"]

1. e4 e5 2. f4 exf4 3. Nf3 d6 4. d4 g5 5. Bc4 h6 6. O-O  Bg7 7. g3 g4 8. Nh4
f3 9. Nc3 c6 10. a4 Nf6 11. Bb3 O-O  12. a5 Re8 13. Qd3 b5 14. Bf4 b4 15.
Qc4 d5 16. Qxb4 Nxe4 17. Nxe4 Rxe4 18. c3 Rxf4 19. gxf4 Qxh4 20. Rae1 Nd7 21.
Re8+ Nf8 22. f5 g3 23. Rxf3 Qxh2+ 24. Kf1 Ba6+ 25. c4 g2+  0-1

[Event "Nordrhein-Westfalen 2-Württemberg 2"]
[Site "Templin"]
[Date "2017.09.27"]
[Round "3.3"]
[White "Schmid, Hartmut"]
[Black "Andersen, Knut"]
[Result "1/2-1/2"]
[BlackElo "2108"]
[BlackTeam "Nordrhein-Westfalen 2"]
[Board "3"]
[WhiteElo "2138"]
[WhiteTeam "Württemberg 2"]

1. c4 c5 2. Nc3 Nc6 3. g3 g6 4. Bg2 Bg7 5. d3 d6 6. e3 Bf5 7. Nf3 Qd7 8. Nd5 Nf6
9. Nh4 Bg4 10. Qd2  O-O  11. O-O  Bh3 12. f4 Bxg2 13. Kxg2 e6 14.
Nxf6+ Bxf6 15. Nf3 d5 16. Rb1 dxc4 17. dxc4 Rfd8 18. Qxd7 Rxd7 19. Bd2 Rad8 
1/2-1/2

[Event "Nordrhein-Westfalen 2-Württemberg 2"]
[Site "Templin"]
[Date "2017.09.27"]
[Round "3.4"]
[White "Haselhorst, Helmut"]
[Black "Keller, Harald"]
[Result "1-0"]
[BlackElo "2077"]
[BlackTeam "Württemberg 2"]
[Board "4"]
[WhiteElo "2067"]
[WhiteTeam "Nordrhein-Westfalen 2"]

1. Nf3 Nf6 2. c4 c5 3. Nc3 Nc6 4. d4 cxd4 5. Nxd4 g6 6. e4 Qb6 7. Nb3 d6 8. Be2
Be6 9. O-O  Bg7 10. Be3 Qd8 11. Nd4 Nxd4 12. Bxd4 O-O  13. Qd2 Nd7 14.
Be3 Nf6 15. f3 Bd7 16. Rfd1 Bc6 17. Rac1 a6 18. Qe1 Qe8 19. b4 Bd7 20. Kh1 Be6
21. f4 Rc8 22. c5 Ng4 23. Bg1 dxc5 24. Bxc5 Nf6 25. f5 gxf5 26. exf5 Bxf5 27.
Bf3 Nd7 28. Nd5 Nxc5 29. Nxe7+ Kh8 30. bxc5 Be6 31. Nxc8 Qxc8 32. Qb4 Bh6 33.
Bxb7 Qb8 34. c6 Bxc1 35. c7 Qa7 36. Qxf8#  1-0

[Event "Hamburg-Sachsen 2"]
[Site "Templin"]
[Date "2017.09.27"]
[Round "3.1"]
[White "Bodach, Hans"]
[Black "Horn, Peter"]
[Result "1/2-1/2"]
[BlackElo "2099"]
[BlackTeam "Hamburg"]
[Board "1"]
[WhiteElo "2183"]
[WhiteTeam "Sachsen 2"]

1. e4 e6 2. d4 d5 3. Nd2 c5 4. exd5 Qxd5 5. Ngf3 cxd4 6. Bc4 Qd7 7. O-O  Nf6
8. Nb3 Nc6 9. Nbxd4 Nxd4 10. Qxd4 Qxd4 11. Nxd4 Bd7 12. Bf4 Rc8 13. Bb3 Bc5 14.
Rad1  O-O  15. h3 Rfd8 16. Be5 Nd5 17. Rd2 Be8 18. Rfd1 Bb6 19. Bg3 h6
20. c3 Kf8 21. Nf3 g5 22. Bxd5 Rxd5 23. Rxd5 exd5 24. Rxd5 Bc6 25. Rd6 Rd8 26.
Rxd8+ Bxd8 27. Kf1 Be4 28. Ke2 Ke7 29. Ne1 Ke6 30. f3 Bb1 31. a3 Kd5 32. Nd3 f6
33. Kd2 a5 34. a4 h5 35. b3 b6 36. c4+ Kc6 37. Kc3 Be7 38. Bf2 Bd6 39. Bd4 f5
40. Nf2 Bg3 41. Nd3 g4 42. hxg4 fxg4 43. fxg4 hxg4 44. Kd2 Bd6 45. Ke3 Bc2 46.
Nc1 Ba3 47. Kd2 Be4 48. g3 Bxc1+ 49. Kxc1 Bf3 50. Kd2 Kc7 51. c5 bxc5 52. Bxc5
Kc6 53. Bf8 Bd5 54. Kc3 Kb6 55. Be7 Ka6 56. Bd8 Be6 57. b4 axb4+ 58. Kxb4 Bd5 
1/2-1/2

[Event "Hamburg-Sachsen 2"]
[Site "Templin"]
[Date "2017.09.27"]
[Round "3.2"]
[White "Engelbert, Christoph"]
[Black "Selig, Rainer"]
[Result "1/2-1/2"]
[BlackElo "2096"]
[BlackTeam "Sachsen 2"]
[Board "2"]
[WhiteElo "2135"]
[WhiteTeam "Hamburg"]

1. e4 c6 2. d4 d5 3. e5 Bf5 4. h4 Nd7 5. g4 Be6 6. f4 Nb6 7. Bd3 Qc7 8. c3 O-O-O
9. Nh3 h6 10. Qf3 Bd7 11. O-O  e6 12. b4 g6 13. Nd2 h5 14. g5 Kb8 15. a4 a6
16. a5 Nc8 17. Nb3 Na7 18. Nc5 Nb5 19. Bd2 Ne7 20. Nf2 Nf5 21. Qh3 Ka8 22. Nd1
Bc8 23. Ne3 Be7 24. Na4  1/2-1/2

[Event "Hamburg-Sachsen 2"]
[Site "Templin"]
[Date "2017.09.27"]
[Round "3.3"]
[White "Brauer, Christian"]
[Black "Hohlfeld, Wolfgang"]
[Result "1/2-1/2"]
[BlackElo "2079"]
[BlackTeam "Hamburg"]
[Board "3"]
[WhiteElo "2094"]
[WhiteTeam "Sachsen 2"]

1. c4 Nf6 2. Nf3 c6 3. e3 d5 4. Qc2 g6 5. Nc3 Bg7 6. b3 Bf5 7. d3 Na6 8. Nd4 Bd7
9. Bb2 O-O  10. Be2 Bg4 11. O-O  Nb4 12. Qd1 Bxe2 13. Qxe2 c5 14. Nf3
Nc6 15. Rfe1 Re8 16. Rad1 e6 17. h3  1/2-1/2

[Event "Hamburg-Sachsen 2"]
[Site "Templin"]
[Date "2017.09.27"]
[Round "3.4"]
[White "Schellhorn, Wolfgang"]
[Black "Westphal, Norbert, Dr."]
[Result "1-0"]
[BlackElo "1947"]
[BlackTeam "Sachsen 2"]
[Board "4"]
[WhiteElo "2081"]
[WhiteTeam "Hamburg"]

1. e4 e5 2. Nf3 Nc6 3. Bc4 Nf6 4. Ng5 d5 5. exd5 Na5 6. Bb5+ Bd7 7. Qe2 Bd6 8.
Nc3 O-O  9. Bxd7 Qxd7 10. d3 Bb4 11. Bd2 Nxd5 12. Qe4 f5 13. Qxd5+ Qxd5 14.
Nxd5 Bxd2+ 15. Kxd2 c5 16. Rhe1 Rfe8 17. h4 h6 18. Nh3 Nc6 19. Rad1 Rad8 20.
Nc3 Rd4 21. g3 c4 22. Kc1 cxd3 23. Rxd3 Rxd3 24. cxd3 Rd8 25. f4 Rxd3 26. fxe5
Rxg3 27. Nf4 Rg4 28. Nfd5 f4 29. e6 Kf8 30. e7+ Nxe7 31. Nxe7 f3 32. Ned5 Rxh4
33. Rf1 Rh3 34. Nf4 Rg3 35. Ne4 Rg4 36. Rxf3 Ke8 37. Nd6+ Kd7 38. Nxb7 g5 39.
Nd3 Rg1+ 40. Kd2 g4 41. Rf7+ Kc6 42. Nd8+ Kd6 43. Rh7 g3 44. Rxh6+ Kd7 45. Nf7
g2 46. Nfe5+ Kc7 47. Rg6 Ra1 48. Rxg2 Rxa2 49. Nc4 Ra6 50. Rg7+ Kb8 51. Kc3 Rh6
52. b4 a6 53. Nc5 Ka8 54. Ne5 Rh5 55. Nc6 Rh3+ 56. Kd4 Rh4+  1-0

[Event "Schleswig-Holstein 2-Mecklenburg-Vorpommern 2"]
[Site "Templin"]
[Date "2017.09.27"]
[Round "3.1"]
[White "Krüger, Horst"]
[Black "Kornrumpf, Joachim, Prof. Dr."]
[Result "0-1"]
[BlackElo "2082"]
[BlackTeam "Schleswig-Holstein 2"]
[Board "1"]
[WhiteElo "2036"]
[WhiteTeam "Mecklenburg-Vorpommern 2"]

1. d4 Nf6 2. c4 e6  3. Nc3 Bb4 4. a3 Bxc3+ 5. bxc3 d5 6. e3 O-O  7. Nf3
b6 8. cxd5 exd5 9. Bd3 c5 10. dxc5 bxc5 11. c4 Ba6 12. Qc2 dxc4 13. Bxc4 Bxc4
14. Qxc4 Qd5 15. Qxd5 Nxd5 16. Bd2 Nd7 17. Ke2 Rfc8 18. Rab1 Rab8 19. e4 N5f6
20. Kd3 Rb6 21. Rxb6 axb6 22. Bc3 Ra8 23. Ra1 Ra4 24. Nd2 Kf8 25. f3 Ke7 26.
Nc4 b5 27. Nb2 Ra6 28. Nd1 Kd6 29. f4 Kc6 30. Ne3 Ra4 31. e5 Nd5 32. Nxd5 Kxd5
33. Bb2 Rxf4 34. Rd1 Ke6 35. Ke3 Rc4 36. Rd6+ Ke7 37. Rd2 f6 38. exf6+ gxf6 39.
h3 Ke6 40. g4 Ne5 41. Rd8 Ra4 42. Bxe5 Rxa3+ 43. Kf4 fxe5+ 44. Kg5 Rxh3 45. Rb8
b4 46. Rb6+  0-1

[Event "Schleswig-Holstein 2-Mecklenburg-Vorpommern 2"]
[Site "Templin"]
[Date "2017.09.27"]
[Round "3.2"]
[White "Dittmann, Hans-Adolf"]
[Black "Wiemer, Jürgen"]
[Result "1-0"]
[BlackElo "2028"]
[BlackTeam "Mecklenburg-Vorpommern 2"]
[Board "2"]
[WhiteElo "2084"]
[WhiteTeam "Schleswig-Holstein 2"]

1. e4 e5 2. Nf3 Nc6 3. Bb5 a6 4. Bxc6 dxc6 5. O-O  Bd6 6. d4 Bg4 7. dxe5
Bxf3 8. Qxf3 Bxe5 9. Nd2 Qh4 10. h3 Qf4 11. g3 Qxf3 12. Nxf3 Bd6 13. Be3 f6 14.
Rfd1 Ne7 15. Kg2 Kf7 16. Bd4 Ng6 17. h4 Rhe8 18. h5 Ne5 19. Bxe5 fxe5 20. Rd3
h6 21. Rad1 Rad8 22. c4 Ke6 23. Nh4 Be7 24. Rxd8 Rxd8 25. Rxd8 Bxd8 26. Nf5 Kf6
27. f4 exf4 28. gxf4 Be7 29. Kf3 Bf8 30. Kg4 Bc5 31. b3 b5 32. e5+ Kf7 33. Nh4
Be3 34. Kf5 Bd4 35. Ng6 c5 36. e6+ Ke8 37. Ke4 c6 38. Ne5 Bxe5 39. Kxe5 Ke7 
1-0

[Event "Schleswig-Holstein 2-Mecklenburg-Vorpommern 2"]
[Site "Templin"]
[Date "2017.09.27"]
[Round "3.3"]
[White "Nauschütz, Ernst"]
[Black "Hahne, Hans-Jürgen"]
[Result "1/2-1/2"]
[BlackElo "2085"]
[BlackTeam "Schleswig-Holstein 2"]
[Board "3"]
[WhiteElo "1966"]
[WhiteTeam "Mecklenburg-Vorpommern 2"]

1. c4 f5 2. g3 Nf6 3. Bg2 g6 4. d3 Bg7 5. Nc3 O-O  6. e4 fxe4 7. dxe4 d6 8.
Nge2 c5 9. O-O  Nc6 10. a3 e5 11. Rb1 Nd4 12. Bg5 h6 13. Bd2 Be6 14. Nxd4
cxd4 15. Nd5 Rc8 16. Qa4 a6 17. Ba5 Qe8 18. Qb4 Rc5 19. b3 Nxd5 20. cxd5 Bg4
21. f3 Bc8 22. a4 Qe7 23. Qb6 Rc2 24. Rbc1 Rb2 25. Rcd1 Qg5 26. Rfe1 Qf6 27.
Rf1 Qg5  1/2-1/2

[Event "Schleswig-Holstein 2-Mecklenburg-Vorpommern 2"]
[Site "Templin"]
[Date "2017.09.27"]
[Round "3.4"]
[White "Böttcher, Ulrich"]
[Black "Krüger, Gerhard"]
[Result "1-0"]
[BlackElo "1978"]
[BlackTeam "Mecklenburg-Vorpommern 2"]
[Board "4"]
[WhiteElo "2032"]
[WhiteTeam "Schleswig-Holstein 2"]

1. c4 Nf6 2. Nc3 d5 3. cxd5 Nxd5 4. g3 Nxc3 5. bxc3 e5 6. Nf3 Bd6 7. Bg2 O-O
 8. O-O  c6 9. a4 Be6 10. d3 f6 11. e4 Qe7 12. d4 exd4 13. cxd4 Bb4 14.
Bd2 Bxd2 15. Qxd2 Rd8 16. a5 Na6 17. Rab1 Rab8 18. h3 Qf7 19. Nh4 Qd7 20. Rfd1
Bxh3 21. Qa2+ Be6 22. d5 cxd5 23. exd5 Bf7 24. Qa3 Nc7 25. d6 Nb5 26. Qc5 a6
27. Nf5 Be6 28. Bd5 Kh8 29. Bxe6 Qxe6 30. Re1 Qc8 31. Qxc8 Rbxc8 32. Re7 g6 33.
d7 Rb8 34. Nh6 Rf8 35. Nf7+ Kg8 36. d8=Q Rbxd8 37. Nxd8 Rxd8 38. Rxb7 Nd4 39.
Ra7 Nf3+ 40. Kg2 Nd2 41. Rbb7 Nc4 42. Rxa6 Nd6 43. Rbb6 Ne4 44. Ra7 f5 45. Rbb7
Ng5 46. Rd7 Re8 47. Rac7 Ra8 48. a6 Ne6 49. Ra7 Rc8 50. Re7 Nc5 51. Rg7+ Kh8
52. Rxh7+ Kg8 53. Rag7+ Kf8 54. a7 Ne6 55. Rh8+  1-0

[Event "Brandenburg 2-Baden 2"]
[Site "Templin"]
[Date "2017.09.27"]
[Round "3.1"]
[White "Sandmeier, Toni"]
[Black "Urban, Hans-Rainer"]
[Result "1/2-1/2"]
[BlackElo "2088"]
[BlackTeam "Brandenburg 2"]
[Board "1"]
[WhiteElo "2162"]
[WhiteTeam "Baden 2"]

1. c4 Nf6 2. g3 e6 3. Bg2 d5 4. Nf3 c6 5. b3 Be7 6. O-O  O-O  7. Bb2
Nbd7 8. d4 b6 9. Nbd2 Bb7 10. Qc2 Rc8 11. Rac1 c5 12. Qb1 dxc4 13. Nxc4 Be4 14.
Qa1 Rc7 15. Rfd1 cxd4 16. Bxd4 Qa8 17. Ncd2 Rxc1 18. Rxc1 Bd5 19. Bh3 Rc8 20.
Ne1 Ba3 21. Rxc8+ Qxc8 22. Qc3 Qxc3 23. Bxc3 Ne4 24. Nxe4 Bxe4 25. Nd3 Nc5 26.
Bf1 Nxd3 27. exd3 Bc6 28. Be5 b5 29. Bd4  1/2-1/2

[Event "Brandenburg 2-Baden 2"]
[Site "Templin"]
[Date "2017.09.27"]
[Round "3.2"]
[White "Ellenberg, Ekkehard"]
[Black "Dekan, Hans"]
[Result "1/2-1/2"]
[BlackElo "2152"]
[BlackTeam "Baden 2"]
[Board "2"]
[WhiteElo "2057"]
[WhiteTeam "Brandenburg 2"]

1. e4 c5 2. Nf3 Nc6 3. Bb5 g6 4. O-O  Bg7 5. Re1 a6 6. Bxc6 dxc6 7. d3 Nf6
8. Nc3 O-O  9. Be3 b6 10. h3 Qc7 11. Qc1 e5 12. Ne2 c4 13. Ng3 cxd3 14.
cxd3 Re8 15. Qc3 Nd7 16. Rac1 Bb7 17. b4 a5 18. b5 c5 19. a4 Qd8 20. Nd2 Nf8
21. Nc4 Bc8 22. Ne2 f5 23. f3 f4 24. Bf2 Rb8 25. Kf1 g5 26. Red1 h5 27. Ng1 g4
28. hxg4 hxg4 29. fxg4 Bxg4 30. Nf3 Qf6 31. Qb3 Be6 32. Ke2 Qg6 33. Rg1 Bxc4
34. Qxc4+ Qe6 35. Ng5 Qxc4 36. dxc4 Bf6 37. Nf3 Ne6 38. Rcd1 Rbd8 39. Rxd8 Rxd8
40. Rd1  1/2-1/2

[Event "Brandenburg 2-Baden 2"]
[Site "Templin"]
[Date "2017.09.27"]
[Round "3.3"]
[White "Müller, Rudolf"]
[Black "Zoll, Detlef"]
[Result "1-0"]
[BlackElo "1893"]
[BlackTeam "Brandenburg 2"]
[Board "3"]
[WhiteElo "2076"]
[WhiteTeam "Baden 2"]

1. e4 e6 2. d4 d5 3. e5 c5 4. c3 Nc6 5. Nf3 Qb6 6. Bd3 cxd4 7. cxd4 Bd7 8. O-O
 Nxd4 9. Nxd4 Qxd4  10. Nc3 a6 11. Re1 Qa7 12. Qe2 Ne7 13. Kh1 Nc6 14.
a3 Be7 15. f4 g6 16. b4 Rc8 17. Bb2 Qb8 18. Qg4 Nd4 19. Rad1 Nf5 20. Bxf5 exf5
21. Qh3 Be6 22. Nxd5 Bd8 23. Qh6 Rc2 24. Ba1 Qc8 25. Qg7 Rf8 26. Nf6+ Bxf6 27.
Qxf6 Rc7 28. Bd4 Qd8 29. Qg7 Qe7 30. Bb6 f6 31. exf6 Qxg7 32. fxg7 Rxg7 33.
Rxe6+ Kf7 34. Rde1  1-0

[Event "Brandenburg 2-Baden 2"]
[Site "Templin"]
[Date "2017.09.27"]
[Round "3.4"]
[White "Sawinsky, Ralf"]
[Black "Fugmann, Bernd"]
[Result "1-0"]
[BlackElo "1971"]
[BlackTeam "Baden 2"]
[Board "4"]
[WhiteElo "1956"]
[WhiteTeam "Brandenburg 2"]

1. e4 c5 2. Bc4 e6 3. Nc3 a6 4. a4 Nc6 5. Nf3 Qc7 6. O-O  Nf6 7. d3 h6 8. h3
b6 9. Be3 Bb7 10. Qe2 Be7 11. d4 cxd4 12. Nxd4 Rc8 13. Bxa6 Nxd4 14. Bxd4 O-O
 15. Bxb7 Qxb7 16. e5 Nd5 17. Nxd5 Qxd5 18. Rfd1 Qc6 19. c3 Rfd8 20. Qe3
Rb8 21. Qe2 Bc5 22. Qc4 Qe4 23. Qd3 Qc6 24. b4 Be7 25. a5 bxa5 26. Rxa5 Rb7 27.
Bc5 Bxc5 28. Rxc5 Qa4 29. Ra5 Qc6 30. Qf3 Qc7 31. Rc5 Qb8 32. Rd6 Ra7 33. Qd3
Rb7 34. Qc4 Ra7 35. Rb5 Qa8 36. Qd4 Ra1+ 37. Kh2 Qc8 38. Qc5 Ra8 39. c4 Kh7 40.
Qxc8 Raxc8 41. c5 Kg6 42. g4 h5 43. Kg3 Rc7 44. Rdb6 Rcc8 45. Rb7 f6 46. gxh5+
Kxh5 47. exf6 gxf6 48. c6+ f5 49. c7 Rg8+ 50. Kf4 Rg2 51. Kf3 Rg1 52. Rc5 Rgg8
53. b5 Ra8 54. Rc3 Kg5 55. b6 Rh8 56. Ke2 Ra2+ 57. Kf1 Ra1+ 58. Kg2 Raa8 59.
Ra7  1-0